| 000 | 00741nam a2200193 a 4500 | ||
|---|---|---|---|
| 005 | 20210709092546.0 | ||
| 008 | 210709s1968 fr |||gr|||| 00| 0 fre d | ||
| 040 |
_aCO-BoUCM _bspa _cDeissy Garcia _dDeissy Garcia |
||
| 041 | 0 | _afre | |
| 100 | 1 |
_aDouence, Jean-Claude _d1940- _9104100 |
|
| 245 | 1 | 0 |
_aRecherches sur le pouvoir réglementaire de l'administration _cJean-Claude Douence |
| 260 |
_aParís _bLibrairie generale de droit et de jurisprudence _c1968 |
||
| 300 | _a xiv, 535 páginas | ||
| 490 | 0 |
_aBibliothèque de droit public _v81 |
|
| 504 | _aIncluye referencias bibliográficas | ||
| 650 | 0 |
_9103411 _aDerecho administrativo _zFrancia |
|
| 942 |
_cLIBRO _2DEWEY _a8 _e1 _h342.44 _mD729r _n0 |
||
| 999 |
_c316492 _d316492 |
||